| 000 | 00839cam a22002894a 4500 | ||
|---|---|---|---|
| 001 | 13735571 | ||
| 005 | 20180223072343.0 | ||
| 008 | 040929s2006 paua b 001 0 eng | ||
| 010 | _a 2004051421 | ||
| 020 | _a0721602401 | ||
| 035 | _a(DNLM)101230989 | ||
| 040 |
_aDNLM/DLC _cDLC _dDLC |
||
| 041 | _aeng | ||
| 042 | _apcc | ||
| 060 | 1 | 0 |
_aQT 104 _bG992t 2006 |
| 080 | _a612 GUY | ||
| 082 | 0 | 0 |
_a612 GUY _222 |
| 100 | 1 | _a7 | |
| 101 | _aANA | ||
| 245 | 1 | 0 |
_aTextbook of medical physiology / _cArthur C. Guyton, John E. Hall. |
| 246 | 3 | 0 | _aMedical physiology |
| 504 | _aIncludes bibliographical references and index. | ||
| 906 |
_a7 _bcbc _corignew _d1 _eocip _f20 _gy-gencatlg |
||
| 942 |
_2ddc _cBK |
||
| 999 |
_c43257 _d43257 |
||